000 00378nam a2200157Ia 4500
003 Ost
005 20260225132539.0
008 260225s9999||||xx |||||||||||||| ||und||
040 _cfsic
041 _afre
082 _a341.6
100 _aMireille delmas-marty
_eAuteur
245 0 _aTrois défis pour un droit mondial /
245 0 _cMireille delmas-marty
942 _cكتاب
999 _c33398
_d33398